Statistiques concernant Quiz sur la Colombie

Cliquez ici pour prendre le quiz!

Statistiques générales

  • Ce quiz a été pris 5 277 fois
  • Le résultat moyen est 13 sur 18

Statistiques - réponses

QuestionRéponse% Correct
Langue officielleEspagnol
99%
CapitaleBogotá
96%
Pays frontaliersBrésil
96%
Pays frontaliersVenezuela
96%
Pays frontaliersÉquateur
93%
Pays frontaliersPérou
93%
Chanteuse ayant notamment interprété
Waka Waka et Hips Don't Lie
Shakira
91%
Devise monétairePeso
87%
Pays frontaliersPanama
86%
Célèbre trafiquant de cocaïne qui
possédait 59 milliards de dollars actuels
Pablo Escobar
83%
Mer bordant la Colombie au nord-estMer des Caraïbes
72%
Deuxième ville la plus peupléeMedellín
65%
Ancien pays (1819-1830) comprenant
la Colombie et trois pays frontaliers
{Grande} Colombie
56%
Premier président de ce pays,
surnommé « El Libertador »
Simón Bolívar
44%
Ville légendaire regorgeant d'or
issue du folklore colombien
Eldorado
41%
Guérilla communiste ayant formé un
parti politique éponyme en 2017
FARC
39%
Troisième ville la plus peupléeSantiago de {Cali}
37%
Auteur de Cent ans de solitude,
récompensé par un Prix Nobel
Gabriel García
Márquez
25%

Distribution des résultats

Percentile par nombre de réponses

% des personnes avec chaque résultat

Votre développement - résultats

Vous n’avez pas pris ce quiz